13 Canadian Provinces/Territories, 13 Cities - Statistics

General Stats
  • This quiz has been taken 42 times
  • The average score is 10 of 13
Answer Stats
Hint Answer % Correct
Edmonton Alberta
92%
Halifax Nova Scotia
83%
Thunder Bay Ontario
83%
Iqaluit Nunavut
81%
Whitehorse Yukon
81%
Surrey British Columbia
78%
Yellowknife Northwest Territories
75%
Charlottetown Prince Edward Island
75%
Laval Quebec
75%
St. John's Newfoundland and Labrador
72%
Moose Jaw Saskatchewan
67%
Fredericton New Brunswick
64%
Thompson Manitoba
61%
No matching quizzes found
Score Distribution
Percent of People with Each Score
Percentile by Number Answered
Your Score History
You have not taken this quiz